00712 a2200169 4500003000500000005001700005040000900022082001200031100004600043245014100089260003700230300001600267505020400283538002900487650001400516651001200530Nust20170207153552.0 cNust a621.382 aAbidi, Maj Syed Muhammad Ali (MSEE-15) aIndexing and retrieval of text images in digitized urdu printed documents using word spotting techniquecMaj Syed Muhammad Ali Abidi,  bMCS,NUSTcMarch 2011aRawalpindi axiv, 95 ,p; aIntroduction (page-1) Urdu languagechallengs (page-9) Existing work (page-17) Document image indexing (page-38) Information retrieval (page-50) Experimental evaluation (Page-63) Conclusions (page-83) aAlmirah No 69 Shelf No 2 aPG Thesis aMSEE-15